Countries With An A and Y - Statistics

General Stats
  • This quiz has been taken 82 times
  • The average score is 11 of 13
Answer Stats
Answer % Correct
Paraguay
96%
Uruguay
96%
Hungary
90%
Germany
87%
Guyana
87%
Malaysia
87%
Norway
82%
Italy
81%
Syria
75%
Kyrgyzstan
74%
Libya
72%
Myanmar
69%
Kenya
68%
No matching quizzes found
Score Distribution
Percent of People with Each Score
Percentile by Number Answered
Your Score History
You have not taken this quiz